| 000 -LEADER |
| fixed length control field |
00613nam a22001937a 4500 |
| 008 - FIXED-LENGTH DATA ELEMENTS--GENERAL INFORMATION |
| fixed length control field |
210104b ||||| |||| 00| 0 eng d |
| 020 ## - INTERNATIONAL STANDARD BOOK NUMBER |
| International Standard Book Number |
9780070144941 |
| 082 ## - DEWEY DECIMAL CLASSIFICATION NUMBER |
| Classification number |
658.4038011 |
| Item number |
OBR |
| 100 ## - MAIN ENTRY--PERSONAL NAME |
| Personal name |
OBrien, James A. |
| 245 ## - TITLE STATEMENT |
| Title |
Management information systems : a managerial end user perspective |
| 250 ## - EDITION STATEMENT |
| Edition statement |
9th Ed. |
| 260 ## - PUBLICATION, DISTRIBUTION, ETC. (IMPRINT) |
| Place of publication, distribution, etc |
New Delhi |
| Name of publisher, distributor, etc |
Tata McGraw Hill education Pvt. Ltd. |
| Date of publication, distribution, etc |
2010 |
| 300 ## - PHYSICAL DESCRIPTION |
| Extent |
xxx, 831p. |
| Other physical details |
Pbc |
| 650 ## - SUBJECT ADDED ENTRY--TOPICAL TERM |
| Topical term or geographic name as entry element |
Management information systems |
| 650 ## - SUBJECT ADDED ENTRY--TOPICAL TERM |
| Topical term or geographic name as entry element |
Business--Data processing |
| 650 ## - SUBJECT ADDED ENTRY--TOPICAL TERM |
| Topical term or geographic name as entry element |
Information technology--Management |
| 650 ## - SUBJECT ADDED ENTRY--TOPICAL TERM |
| Topical term or geographic name as entry element |
Electronic commerce |
| 942 ## - ADDED ENTRY ELEMENTS (KOHA) |
| Item type |
Books |